[Event "Stay Safe Play From Home 372."]
[Site "Emanuel Lasker Arena"]
[Date "2020.08.10"]
[Round "4"]
[White "Erdema"]
[Black "Lazieri3"]
[Result "0-1"]
[WhiteElo "1644"]
[BlackElo "2002"]
[PlyCount "74"]
[EventDate "2020.08.10"]
[EventType "swiss (blitz)"]

1. e4 {[%emt 0:00:02]} c6 {[%emt 0:00:00]} 2. d4 {[%emt 0:00:02]} d5 {[%emt 0:00:00]} 3. exd5 {[%emt 0:00:01]} cxd5 {[%emt 0:00:04]} 4. Bd3 {[%emt 0:00:01]} Nc6 {[%emt 0:00:00]} 5. c3 {[%emt 0:00:02]} Nf6 {[%emt 0:00:00]} 6. h3 {[%emt 0:00:01]} g6 {[%emt 0:00:02]} 7. Nf3 {[%emt 0:00:01]} Bg7 {[%emt 0:00:00]} 8. O-O {[%emt 0:00:02]} O-O {[%emt 0:00:00]} 9. Bf4 {[%emt 0:00:02]} Bf5 {[%emt 0:00:01]} 10. Bxf5 {[%emt 0:00:02]} gxf5 {[%emt 0:00:00]} 11. Qd3 {[%emt 0:00:01]} e6 {[%emt 0:00:01]} 12. Na3 {[%emt 0:00:03]} a6 {[%emt 0:00:01]} 13. Rfe1 {[%emt 0:00:03]} Ne4 {[%emt 0:00:01]} 14. Ne5 {[%emt 0:00:07]} Nxe5 {[%emt 0:00:01]} 15. Bxe5 {[%emt 0:00:01]} Qh4 {[%emt 0:00:04]} 16. Qf3 {[%emt 0:00:09]} Bxe5 {[%emt 0:00:04]} 17. dxe5 {[%emt 0:00:02]} Kh8 {[%emt 0:00:09]} 18. Re3 {[%emt 0:00:12]} Rg8 {[%emt 0:00:02]} 19. Kh2 {[%emt 0:00:05]} Rg6 {[%emt 0:00:04]} 20. g3 {[%emt 0:00:04]} Qh6 {[%emt 0:00:03]} 21. Rd1 {[%emt 0:00:09]} Rag8 {[%emt 0:00:03]} 22. Qg2 {[%emt 0:00:11]} f4 {[%emt 0:00:22]} 23. Rxe4 {[%emt 0:00:07]} fxg3+ {[%emt 0:00:07]} 24. fxg3 {[%emt 0:00:03]} Rxg3 {[%emt 0:00:07]} 25. Qxg3 {[%emt 0:00:06]} Rxg3 {[%emt 0:00:00]} 26. Kxg3 {[%emt 0:00:01]} dxe4 {[%emt 0:00:03]} 27. Re1 {[%emt 0:00:09]} Qg5+ {[%emt 0:00:05]} 28. Kf2 {[%emt 0:00:05]} Qxe5 {[%emt 0:00:01]} 29. Nc4 {[%emt 0:00:04]} Qc5+ {[%emt 0:00:03]} 30. Ne3 {[%emt 0:00:02]} f5 {[%emt 0:00:01]} 31. Ke2 {[%emt 0:00:05]} f4 {[%emt 0:00:02]} 32. Ng4 {[%emt 0:00:02]} h5 {[%emt 0:00:06]} 33. Nf6 {[%emt 0:00:03]} Qe3+ {[%emt 0:00:05]} 34. Kf1 {[%emt 0:00:03]} Qxh3+ {[%emt 0:00:04]} 35. Kg1 {[%emt 0:00:10]} Qg3+ {[%emt 0:00:03]} 36. Kf1 {[%emt 0:00:02]} e3 {[%emt 0:00:02]} 37. Rd1 {[%emt 0:00:05]} Qf2# {[%emt 0:00:04] (Lag: Av=0.87s, max=3.4s) (Lag: Av=0.87s, max=3.4s) (Lag: Av=0.87s, max=3.4s) (Lag: Av=0.87s, max=3.4s) (Lag: Av=0.87s, max=3.4s)} 0-1

[Event "Stay Safe Play From Home 372."]
[Site "Emanuel Lasker Arena"]
[Date "2020.08.10"]
[Round "5"]
[White "SelamiSahin"]
[Black "MarkonY"]
[Result "0-1"]
[WhiteElo "2155"]
[BlackElo "2324"]
[PlyCount "112"]
[EventDate "2020.08.10"]
[EventType "swiss (blitz)"]

{Yarar, Atakan} 1. d4 {[%emt 0:00:03]} c5 {[%emt 0:00:02]} 2. d5 {[%emt 0:00:01]} Nf6 {[%emt 0:00:02]} 3. c4 {[%emt 0:00:01]} d6 {[%emt 0:00:01]} 4. Nc3 {[%emt 0:00:01]} g6 {[%emt 0:00:00]} 5. e4 {[%emt 0:00:01]} Bg7 {[%emt 0:00:00]} 6. Bd3 {[%emt 0:00:09]} O-O {[%emt 0:00:01]} 7. h3 {[%emt 0:00:04]} a6 {[%emt 0:00:01]} 8. a4 {[%emt 0:00:03]} e6 {[%emt 0:00:01]} 9. Nf3 {[%emt 0:00:03]} exd5 {[%emt 0:00:02]} 10. exd5 {[%emt 0:00:00]} Re8+ {[%emt 0:00:01]} 11. Be3 {[%emt 0:00:01]} Nh5 {[%emt 0:00:02]} 12. O-O {[%emt 0:00:03]} Nd7 {[%emt 0:00:01]} 13. Qd2 {[%emt 0:00:20]} Ne5 {[%emt 0:00:09]} 14. Nxe5 {[%emt 0:00:02]} Bxe5 {[%emt 0:00:01]} 15. Rae1 {[%emt 0:00:06]} Bd7 {[%emt 0:00:06]} 16. Bg5 {[%emt 0:00:04]} Qa5 {[%emt 0:00:07]} 17. Ra1 {[%emt 0:00:19]} f5 {[%emt 0:00:07]} 18. Kh1 {[%emt 0:00:03]} Bd4 {[%emt 0:00:33]} 19. Kh2 {[%emt 0:00:10]} Kf7 {[%emt 0:00:14]} 20. Kh1 {[%emt 0:00:03]} Qb4 {[%emt 0:00:02]} 21. Rfb1 {[%emt 0:00:05]} Nf6 {[%emt 0:00:07]} 22. f3 {[%emt 0:00:04]} b5 {[%emt 0:00:06]} 23. axb5 {[%emt 0:00:01]} axb5 {[%emt 0:00:01]} 24. Rxa8 {[%emt 0:00:00]} Rxa8 {[%emt 0:00:01]} 25. Nxb5 {[%emt 0:00:02]} Qxd2 {[%emt 0:00:02]} 26. Bxd2 {[%emt 0:00:00]} Bxb5 {[%emt 0:00:03]} 27. cxb5 {[%emt 0:00:00]} Nd7 {[%emt 0:00:02]} 28. b4 {[%emt 0:00:03]} Nb6 {[%emt 0:00:01]} 29. bxc5 {[%emt 0:00:01]} dxc5 {[%emt 0:00:00]} 30. Bf4 {[%emt 0:00:10]} Ra3 {[%emt 0:00:03]} 31. Bf1 {[%emt 0:00:02]} Ke7 {[%emt 0:00:04]} 32. d6+ {[%emt 0:00:04]} Kd7 {[%emt 0:00:01]} 33. Re1 {[%emt 0:00:01]} Nc8 {[%emt 0:00:04]} 34. b6 {[%emt 0:00:02]} Rb3 {[%emt 0:00:02]} 35. Bc4 {[%emt 0:00:02]} Rxb6 {[%emt 0:00:06]} 36. Be6+ {[%emt 0:00:01]} Kd8 {[%emt 0:00:01]} 37. Ra1 {[%emt 0:00:04]} Bxa1 {[%emt 0:00:04]} 38. Bg5+ {[%emt 0:00:02]} Ne7 {[%emt 0:00:09]} 39. dxe7+ {[%emt 0:00:14]} Ke8 {[%emt 0:00:01]} 40. Bg8 {[%emt 0:00:05]} Bf6 {[%emt 0:00:01]} 41. Bxf6 {[%emt 0:00:01]} Rxf6 {[%emt 0:00:01]} 42. Bxh7 {[%emt 0:00:00]} Kxe7 {[%emt 0:00:00]} 43. Bg8 {[%emt 0:00:01]} Rd6 {[%emt 0:00:02]} 44. Kh2 {[%emt 0:00:02]} Kf6 {[%emt 0:00:00]} 45. Kg3 {[%emt 0:00:01]} g5 {[%emt 0:00:01]} 46. h4 {[%emt 0:00:01]} gxh4+ {[%emt 0:00:01]} 47. Kxh4 {[%emt 0:00:00]} Rd2 {[%emt 0:00:01]} 48. g4 {[%emt 0:00:01]} fxg4 {[%emt 0:00:01]} 49. fxg4 {[%emt 0:00:00]} Rd4 {[%emt 0:00:01]} 50. Kh5 {[%emt 0:00:00]} c4 {[%emt 0:00:01]} 51. g5+ {[%emt 0:00:00]} Kg7 {[%emt 0:00:01]} 52. Be6 {[%emt 0:00:02]} c3 {[%emt 0:00:01]} 53. Bf5 {[%emt 0:00:00]} Rd2 {[%emt 0:00:01]} 54. g6 {[%emt 0:00:01]} c2 {[%emt 0:00:01]} 55. Bxc2 {[%emt 0:00:01]} Rxc2 {[%emt 0:00:00]} 56. Kg5 {[%emt 0:00:00]} Rc5+ {[%emt 0:00:00] SelamiSahin terk eder SelamiSahin terk eder SelamiSahin terk eder SelamiSahin terk eder SelamiSahin terk eder (Lag: Av=0.48s, max=0.9s) (Lag: Av=0.48s, max=0.9s) (Lag: Av=0.48s, max=0.9s) (Lag: Av=0.48s, max=0.9s) (Lag: Av=0.48s, max=0.9s)} 0-1

[Event "Stay Safe Play From Home 372."]
[Site "Emanuel Lasker Arena"]
[Date "2020.08.10"]
[Round "5"]
[White "Klausen"]
[Black "Erdema"]
[Result "1-0"]
[WhiteElo "2013"]
[BlackElo "1640"]
[PlyCount "103"]
[EventDate "2020.08.10"]
[EventType "swiss (blitz)"]

1. Nf3 {[%emt 0:00:01]} e6 {[%emt 0:00:01]} 2. d4 {[%emt 0:00:02]} d5 {[%emt 0:00:01]} 3. c4 {[%emt 0:00:01]} h6 {[%emt 0:00:03]} 4. Nc3 {[%emt 0:00:02]} Nf6 {[%emt 0:00:01]} 5. Bf4 {[%emt 0:00:02]} Bd6 {[%emt 0:00:02]} 6. Bxd6 {[%emt 0:00:03]} cxd6 {[%emt 0:00:02]} 7. e3 {[%emt 0:00:01]} b6 {[%emt 0:00:02]} 8. cxd5 {[%emt 0:00:02]} exd5 {[%emt 0:00:02]} 9. Bb5+ {[%emt 0:00:02]} Bd7 {[%emt 0:00:02]} 10. Qb3 {[%emt 0:00:05]} O-O {[%emt 0:00:14]} 11. Bxd7 {[%emt 0:00:05]} Qxd7 {[%emt 0:00:02]} 12. Nxd5 {[%emt 0:00:02]} Nxd5 {[%emt 0:00:03]} 13. Qxd5 {[%emt 0:00:02]} Nc6 {[%emt 0:00:02]} 14. O-O {[%emt 0:00:02]} Nb4 {[%emt 0:00:02]} 15. Qb3 {[%emt 0:00:02]} a5 {[%emt 0:00:02]} 16. Rac1 {[%emt 0:00:03]} Rac8 {[%emt 0:00:06]} 17. a3 {[%emt 0:00:03]} Nc6 {[%emt 0:00:02]} 18. Qxb6 {[%emt 0:00:04]} a4 {[%emt 0:00:11]} 19. Qb5 {[%emt 0:00:05]} Ne5 {[%emt 0:00:09]} 20. Qxd7 {[%emt 0:00:03]} Nxd7 {[%emt 0:00:02]} 21. h3 {[%emt 0:00:06]} Nb6 {[%emt 0:00:04]} 22. Nd2 {[%emt 0:00:04]} d5 {[%emt 0:00:03]} 23. Rc5 {[%emt 0:00:04]} Rfd8 {[%emt 0:00:06]} 24. Rfc1 {[%emt 0:00:02]} Rxc5 {[%emt 0:00:05]} 25. dxc5 {[%emt 0:00:02]} Nd7 {[%emt 0:00:06]} 26. c6 {[%emt 0:00:02]} Ne5 {[%emt 0:00:02]} 27. Rc5 {[%emt 0:00:10]} Rc8 {[%emt 0:00:05]} 28. Rxd5 {[%emt 0:00:03]} Nxc6 {[%emt 0:00:02]} 29. Rc5 {[%emt 0:00:01]} Ne7 {[%emt 0:00:04]} 30. Rxc8+ {[%emt 0:00:03]} Nxc8 {[%emt 0:00:01]} 31. Nc4 {[%emt 0:00:01]} Kf8 {[%emt 0:00:04]} 32. Kf1 {[%emt 0:00:02]} Ke7 {[%emt 0:00:02]} 33. Ke2 {[%emt 0:00:01]} Ke6 {[%emt 0:00:01]} 34. Kd3 {[%emt 0:00:01]} Kd5 {[%emt 0:00:01]} 35. Kc3 {[%emt 0:00:02]} Kc5 {[%emt 0:00:05]} 36. f3 {[%emt 0:00:07]} Ne7 {[%emt 0:00:04]} 37. Ne5 {[%emt 0:00:03]} Nd5+ {[%emt 0:00:03]} 38. Kd3 {[%emt 0:00:04]} f6 {[%emt 0:00:10]} 39. Nc4 {[%emt 0:00:08]} g6 {[%emt 0:00:04]} 40. g4 {[%emt 0:00:04]} f5 {[%emt 0:00:02]} 41. Ne5 {[%emt 0:00:03]} fxg4 {[%emt 0:00:04]} 42. hxg4 {[%emt 0:00:02]} Ne7 {[%emt 0:00:09]} 43. f4 {[%emt 0:00:05]} h5 {[%emt 0:00:02]} 44. Nxg6 {[%emt 0:00:07]} Nxg6 {[%emt 0:00:05]} 45. gxh5 {[%emt 0:00:01]} Ne7 {[%emt 0:00:03]} 46. e4 {[%emt 0:00:04]} Ng8 {[%emt 0:00:06]} 47. Kc3 {[%emt 0:00:09]} Nf6 {[%emt 0:00:02]} 48. h6 {[%emt 0:00:06]} Nxe4+ {[%emt 0:00:02]} 49. Kd3 {[%emt 0:00:00]} Nf6 {[%emt 0:00:01]} 50. f5 {[%emt 0:00:04]} Kd5 {[%emt 0:00:01]} 51. Kc3 {[%emt 0:00:02]} Ke5 {[%emt 0:00:01]} 52. Kb4 {[%emt 0:00:02] Zaman Zaman Zaman Zaman Zaman ' ' ' ' ' (Lag: Av=0.46s, max=0.9s) (Lag: Av=0.46s, max=0.9s) (Lag: Av=0.46s, max=0.9s) (Lag: Av=0.46s, max=0.9s) (Lag: Av=0.46s, max=0.9s)} 1-0

[Event "Stay Safe Play From Home 372."]
[Site "Emanuel Lasker Arena"]
[Date "2020.08.10"]
[Round "5"]
[White "Lazieri3"]
[Black "Don59as"]
[Result "0-1"]
[WhiteElo "2006"]
[BlackElo "1995"]
[Annotator "NA"]
[PlyCount "36"]
[EventDate "2020.08.10"]
[EventType "swiss (blitz)"]

1. e4 {[%emt 0:00:01]} e5 {[%emt 0:00:01]} 2. Nc3 {[%emt 0:00:00]} Nc6 {[%emt 0:00:00]} 3. Nf3 {[%emt 0:00:00]} d6 {[%emt 0:00:00]} 4. d4 {[%emt 0:00:00]} exd4 {[%emt 0:00:01]} 5. Nxd4 {[%emt 0:00:00]} Nf6 {[%emt 0:00:00]} 6. Nxc6 {[%emt 0:00:01]} bxc6 {[%emt 0:00:00]} 7. Bd3 {[%emt 0:00:00]} Be7 {[%emt 0:00:00]} 8. O-O {[%emt 0:00:01]} O-O {[%emt 0:00:01]} 9. Bg5 {[%emt 0:00:00]} Rb8 {[%emt 0:00:01]} 10. b3 {[%emt 0:00:01]} h6 {[%emt 0:00:08]} 11. Bh4 {[%emt 0:00:01]} Nd7 {[%emt 0:00:03]} 12. Bxe7 {[%emt 0:00:01]} Qxe7 {[%emt 0:00:00]} 13. Re1 {[%emt 0:00:01]} Qf6 {[%emt 0:00:01]} 14. Qd2 {[%emt 0:00:01]} Ne5 {[%emt 0:00:04]} 15. Ne2 {[%emt 0:00:01]} Bg4 {[%emt 0:00:08]} 16. Ng3 {[%emt 0:00:02]} h5 {[%emt 0:00:04]} 17. h3 {[%emt 0:00:01]} Bxh3 {[%emt 0:00:05]} 18. gxh3 {[%emt 0:00:02]} Nf3+ {[%emt 0:00:01] Lazieri3 resigns Lazieri3 resigns Lazieri3 resigns Lazieri3 resigns Lazieri3 resigns (Lag: Av=0.64s, max=0.8s) (Lag: Av=0.64s, max=0.8s) (Lag: Av=0.64s, max=0.8s) (Lag: Av=0.64s, max=0.8s) (Lag: Av=0.64s, max=0.8s)} 0-1

[Event "Stay Safe Play From Home 372."]
[Site "Emanuel Lasker Arena"]
[Date "2020.08.10"]
[Round "5"]
[White "Ionelluca"]
[Black "Padmaesh M K"]
[Result "0-1"]
[WhiteElo "1992"]
[BlackElo "1951"]
[PlyCount "76"]
[EventDate "2020.08.10"]
[EventType "swiss (blitz)"]

1. c4 {[%emt 0:00:02]} c5 {[%emt 0:00:08]} 2. Nc3 {[%emt 0:00:03]} e5 {[%emt 0:00:01]} 3. g3 {[%emt 0:00:01]} Nc6 {[%emt 0:00:01]} 4. Bg2 {[%emt 0:00:00]} d6 {[%emt 0:00:01]} 5. d3 {[%emt 0:00:00]} f5 {[%emt 0:00:02]} 6. Bd2 {[%emt 0:00:00]} Nf6 {[%emt 0:00:01]} 7. a3 {[%emt 0:00:00]} Be7 {[%emt 0:00:01]} 8. Rb1 {[%emt 0:00:01]} O-O {[%emt 0:00:01]} 9. b4 {[%emt 0:00:01]} Nd4 {[%emt 0:00:02]} 10. bxc5 {[%emt 0:00:02]} dxc5 {[%emt 0:00:01]} 11. Nd5 {[%emt 0:00:07]} Rb8 {[%emt 0:00:09]} 12. e3 {[%emt 0:00:05]} Ne6 {[%emt 0:00:08]} 13. Ne2 {[%emt 0:00:03]} Nc7 {[%emt 0:00:02]} 14. Nxe7+ {[%emt 0:00:06]} Qxe7 {[%emt 0:00:01]} 15. Nc3 {[%emt 0:00:01]} Rd8 {[%emt 0:00:07]} 16. Qc2 {[%emt 0:00:04]} b6 {[%emt 0:00:06]} 17. O-O {[%emt 0:00:03]} Bb7 {[%emt 0:00:01]} 18. f3 {[%emt 0:00:01]} e4 {[%emt 0:00:06]} 19. fxe4 {[%emt 0:00:05]} fxe4 {[%emt 0:00:01]} 20. dxe4 {[%emt 0:00:19]} Qe6 {[%emt 0:00:24]} 21. Nd5 {[%emt 0:00:04]} Rbc8 {[%emt 0:00:07]} 22. Nxf6+ {[%emt 0:00:11]} gxf6 {[%emt 0:00:02]} 23. Bc3 {[%emt 0:00:01]} Ne8 {[%emt 0:00:04]} 24. Ba1 {[%emt 0:00:39]} Rd7 {[%emt 0:00:08]} 25. Rf4 {[%emt 0:00:07]} Rcd8 {[%emt 0:00:02]} 26. Rbf1 {[%emt 0:00:03]} Rd2 {[%emt 0:00:01]} 27. Qc3 {[%emt 0:00:03]} R8d3 {[%emt 0:00:06]} 28. Qc1 {[%emt 0:00:02]} Re2 {[%emt 0:00:03]} 29. R4f2 {[%emt 0:00:10]} Rdxe3 {[%emt 0:00:07]} 30. Bxf6 {[%emt 0:00:01]} Nxf6 {[%emt 0:00:06]} 31. Rxf6 {[%emt 0:00:01]} Rxg2+ {[%emt 0:00:02]} 32. Kxg2 {[%emt 0:00:02]} Qxe4+ {[%emt 0:00:01]} 33. Kh3 {[%emt 0:00:02]} Bc8+ {[%emt 0:00:13]} 34. R6f5 {[%emt 0:00:02]} Bxf5+ {[%emt 0:00:02]} 35. Rxf5 {[%emt 0:00:01]} Qxf5+ {[%emt 0:00:01]} 36. Kg2 {[%emt 0:00:03]} Re2+ {[%emt 0:00:01]} 37. Kg1 {[%emt 0:00:03]} Qf2+ {[%emt 0:00:01]} 38. Kh1 {[%emt 0:00:01]} Qxh2# {[%emt 0:00:00] (Lag: Av=0.54s, max=0.9s) (Lag: Av=0.54s, max=0.9s) (Lag: Av=0.54s, max=0.9s) (Lag: Av=0.54s, max=0.9s) (Lag: Av=0.54s, max=0.9s)} 0-1

[Event "Stay Safe Play From Home 372."]
[Site "Emanuel Lasker Arena"]
[Date "2020.08.10"]
[Round "5"]
[White "Haris kollari 13"]
[Black "Dukic"]
[Result "0-1"]
[WhiteElo "1954"]
[BlackElo "1874"]
[Annotator "NA"]
[PlyCount "106"]
[EventDate "2020.08.10"]
[EventType "swiss (blitz)"]

1. e4 {[%emt 0:00:01]} c6 {[%emt 0:00:01]} 2. f4 {[%emt 0:00:01]} d6 {[%emt 0:00:00]} 3. d4 {[%emt 0:00:01]} Nd7 {[%emt 0:00:00]} 4. Bd3 {[%emt 0:00:01]} e5 {[%emt 0:00:01]} 5. c3 {[%emt 0:00:02]} Qb6 {[%emt 0:00:03]} 6. Nf3 {[%emt 0:00:03]} exf4 {[%emt 0:00:08]} 7. Qe2 {[%emt 0:00:04]} Ne7 {[%emt 0:00:04]} 8. Bxf4 {[%emt 0:00:02]} Ng6 {[%emt 0:00:04]} 9. Bg3 {[%emt 0:00:01]} Be7 {[%emt 0:00:01]} 10. O-O {[%emt 0:00:02]} O-O {[%emt 0:00:01]} 11. Kh1 {[%emt 0:00:03]} c5 {[%emt 0:00:04]} 12. Na3 {[%emt 0:00:07]} cxd4 {[%emt 0:00:14]} 13. cxd4 {[%emt 0:00:02]} Nf6 {[%emt 0:00:06]} 14. Nc4 {[%emt 0:00:02]} Qd8 {[%emt 0:00:03]} 15. Rac1 {[%emt 0:00:05]} Nh5 {[%emt 0:00:02]} 16. Bf2 {[%emt 0:00:09]} Nhf4 {[%emt 0:00:04]} 17. Qe3 {[%emt 0:00:01]} d5 {[%emt 0:00:03]} 18. Nce5 {[%emt 0:00:03]} Nxd3 {[%emt 0:00:07]} 19. Qxd3 {[%emt 0:00:01]} dxe4 {[%emt 0:00:01]} 20. Qxe4 {[%emt 0:00:01]} f5 {[%emt 0:00:10]} 21. Qe2 {[%emt 0:00:06]} Nf4 {[%emt 0:00:03]} 22. Qd2 {[%emt 0:00:01]} Nd5 {[%emt 0:00:01]} 23. Rfe1 {[%emt 0:00:01]} Bf6 {[%emt 0:00:02]} 24. a3 {[%emt 0:00:03]} g6 {[%emt 0:00:06]} 25. Rc5 {[%emt 0:00:03]} b6 {[%emt 0:00:01]} 26. Rc2 {[%emt 0:00:08]} Bb7 {[%emt 0:00:01]} 27. Rec1 {[%emt 0:00:02]} Qd6 {[%emt 0:00:09]} 28. Nc4 {[%emt 0:00:05]} Qf4 {[%emt 0:00:07]} 29. Qxf4 {[%emt 0:00:05]} Nxf4 {[%emt 0:00:01]} 30. Nce5 {[%emt 0:00:11]} Rac8 {[%emt 0:00:08]} 31. Kg1 {[%emt 0:00:16]} Ne2+ {[%emt 0:00:06]} 32. Rxe2 {[%emt 0:00:05]} Rxc1+ {[%emt 0:00:02]} 33. Be1 {[%emt 0:00:01]} Rfc8 {[%emt 0:00:04]} 34. Nd7 {[%emt 0:00:04]} Bg7 {[%emt 0:00:02]} 35. Ng5 {[%emt 0:00:07]} h6 {[%emt 0:00:12]} 36. Ne6 {[%emt 0:00:01]} Bh8 {[%emt 0:00:03]} 37. Nf4 {[%emt 0:00:02]} Be4 {[%emt 0:00:01]} 38. Kf2 {[%emt 0:00:08]} Bxd4+ {[%emt 0:00:02]} 39. Kg3 {[%emt 0:00:01]} g5 {[%emt 0:00:02]} 40. Ne6 {[%emt 0:00:04]} Bh8 {[%emt 0:00:03]} 41. h4 {[%emt 0:00:07]} R1c6 {[%emt 0:00:03]} 42. hxg5 {[%emt 0:00:14]} Rxe6 {[%emt 0:00:02]} 43. gxh6 {[%emt 0:00:01]} Rc7 {[%emt 0:00:04]} 44. Nb8 {[%emt 0:00:02]} Re8 {[%emt 0:00:02]} 45. Na6 {[%emt 0:00:02]} Rh7 {[%emt 0:00:02]} 46. Kf4 {[%emt 0:00:01]} Rxh6 {[%emt 0:00:01]} 47. Bc3 {[%emt 0:00:02]} Bxc3 {[%emt 0:00:03]} 48. bxc3 {[%emt 0:00:01]} Rg6 {[%emt 0:00:01]} 49. Nb4 {[%emt 0:00:01]} Rxg2 {[%emt 0:00:01]} 50. Rxg2+ {[%emt 0:00:02]} Bxg2 {[%emt 0:00:01]} 51. Nc2 {[%emt 0:00:00]} Rc8 {[%emt 0:00:01]} 52. Nd4 {[%emt 0:00:01]} Rxc3 {[%emt 0:00:01]} 53. Nxf5 {[%emt 0:00:00]} Rxa3 {[%emt 0:00:01] Time Time Time Time Time (Lag: Av=0.48s, max=0.8s) (Lag: Av=0.48s, max=0.8s) (Lag: Av=0.48s, max=0.8s) (Lag: Av=0.48s, max=0.8s) (Lag: Av=0.48s, max=0.8s)} 0-1

[Event "Stay Safe Play From Home 372."]
[Site "Emanuel Lasker Arena"]
[Date "2020.08.10"]
[Round "5"]
[White "Batabat1955"]
[Black "Greblah"]
[Result "0-1"]
[WhiteElo "1836"]
[BlackElo "1901"]
[Annotator "NA"]
[PlyCount "30"]
[EventDate "2020.08.10"]
[EventType "swiss (blitz)"]

1. d3 {[%emt 0:00:03]} c6 {[%emt 0:00:00]} 2. e4 {[%emt 0:00:00]} d5 {[%emt 0:00:00]} 3. c3 {[%emt 0:00:02]} dxe4 {[%emt 0:00:01]} 4. dxe4 {[%emt 0:00:00]} Qxd1+ {[%emt 0:00:00]} 5. Kxd1 {[%emt 0:00:00]} e5 {[%emt 0:00:01]} 6. f3 {[%emt 0:00:00]} f5 {[%emt 0:00:02]} 7. Be3 {[%emt 0:00:01]} Nf6 {[%emt 0:00:01]} 8. Nd2 {[%emt 0:00:01]} Nbd7 {[%emt 0:00:08]} 9. Bd3 {[%emt 0:00:04]} Bc5 {[%emt 0:00:01]} 10. Ke2 {[%emt 0:00:04]} Bxe3 {[%emt 0:00:02]} 11. Kxe3 {[%emt 0:00:00]} f4+ {[%emt 0:00:01]} 12. Kf2 {[%emt 0:00:02]} Nc5 {[%emt 0:00:01]} 13. Bc2 {[%emt 0:00:01]} Be6 {[%emt 0:00:01]} 14. Ne2 {[%emt 0:00:01]} O-O-O {[%emt 0:00:02]} 15. b4 {[%emt 0:00:01]} Rxd2 {[%emt 0:00:02] Batabat1955 resigns Batabat1955 resigns Batabat1955 resigns Batabat1955 resigns Batabat1955 resigns (Lag: Av=0.33s, max=0.4s) (Lag: Av=0.33s, max=0.4s) (Lag: Av=0.33s, max=0.4s) (Lag: Av=0.33s, max=0.4s) (Lag: Av=0.33s, max=0.4s)} 0-1

[Event "Stay Safe Play From Home 372."]
[Site "Emanuel Lasker Arena"]
[Date "2020.08.10"]
[Round "5"]
[White "Buzaglo"]
[Black "Timbre"]
[Result "1-0"]
[WhiteElo "1748"]
[BlackElo "1613"]
[Annotator "NA"]
[PlyCount "89"]
[EventDate "2020.08.10"]
[EventType "swiss (blitz)"]

1. d4 {[%emt 0:00:01]} d5 {[%emt 0:00:15]} 2. Nf3 {[%emt 0:00:04]} c6 {[%emt 0:00:03]} 3. g3 {[%emt 0:00:00]} Nf6 {[%emt 0:00:02]} 4. Bg2 {[%emt 0:00:00]} Bf5 {[%emt 0:00:02]} 5. O-O {[%emt 0:00:00]} e6 {[%emt 0:00:01]} 6. Nh4 {[%emt 0:00:01]} Bg4 {[%emt 0:00:02]} 7. h3 {[%emt 0:00:02]} Bh5 {[%emt 0:00:02]} 8. Nf3 {[%emt 0:00:05]} Bg6 {[%emt 0:00:02]} 9. Ne5 {[%emt 0:00:01]} Nbd7 {[%emt 0:00:01]} 10. Nxg6 {[%emt 0:00:01]} hxg6 {[%emt 0:00:01]} 11. Bg5 {[%emt 0:00:01]} Be7 {[%emt 0:00:02]} 12. Nd2 {[%emt 0:00:01]} Kf8 {[%emt 0:00:01]} 13. c4 {[%emt 0:00:02]} Kg8 {[%emt 0:00:02]} 14. c5 {[%emt 0:00:02]} Rh5 {[%emt 0:00:02]} 15. h4 {[%emt 0:00:01]} Ng4 {[%emt 0:00:12]} 16. Bxe7 {[%emt 0:00:04]} Qxe7 {[%emt 0:00:02]} 17. e4 {[%emt 0:00:01]} Ngf6 {[%emt 0:00:03]} 18. e5 {[%emt 0:00:06]} Ne8 {[%emt 0:00:04]} 19. b4 {[%emt 0:00:05]} a6 {[%emt 0:00:02]} 20. Nf3 {[%emt 0:00:03]} Nc7 {[%emt 0:00:03]} 21. a4 {[%emt 0:00:02]} b6 {[%emt 0:00:03]} 22. Rb1 {[%emt 0:00:03]} b5 {[%emt 0:00:03]} 23. a5 {[%emt 0:00:02]} f6 {[%emt 0:00:08]} 24. Bh3 {[%emt 0:00:09]} fxe5 {[%emt 0:00:03]} 25. Re1 {[%emt 0:00:05]} e4 {[%emt 0:00:04]} 26. Nh2 {[%emt 0:00:04]} Nf6 {[%emt 0:00:03]} 27. f3 {[%emt 0:00:01]} Rf8 {[%emt 0:00:05]} 28. Ng4 {[%emt 0:00:13]} Nxg4 {[%emt 0:00:04]} 29. Bxg4 {[%emt 0:00:00]} Rh6 {[%emt 0:00:06]} 30. fxe4 {[%emt 0:00:03]} dxe4 {[%emt 0:00:10]} 31. Rxe4 {[%emt 0:00:02]} Qf6 {[%emt 0:00:06]} 32. Rf4 {[%emt 0:00:09]} Qe7 {[%emt 0:00:07]} 33. Qf3 {[%emt 0:00:10]} Rxf4 {[%emt 0:00:03]} 34. Qxf4 {[%emt 0:00:00]} Nd5 {[%emt 0:00:12]} 35. Qe5 {[%emt 0:00:01]} Qf8 {[%emt 0:00:13]} 36. Rf1 {[%emt 0:00:06]} Qd8 {[%emt 0:00:06]} 37. Bxe6+ {[%emt 0:00:14]} Kh7 {[%emt 0:00:03]} 38. Bxd5 {[%emt 0:00:02]} cxd5 {[%emt 0:00:02]} 39. Rf7 {[%emt 0:00:04]} Qg8 {[%emt 0:00:03]} 40. Qxd5 {[%emt 0:00:04]} Rh5 {[%emt 0:00:03]} 41. Qd7 {[%emt 0:00:01]} Rh6 {[%emt 0:00:04]} 42. Kg2 {[%emt 0:00:02]} Rh5 {[%emt 0:00:01]} 43. c6 {[%emt 0:00:02]} Rh6 {[%emt 0:00:02]} 44. c7 {[%emt 0:00:01]} g5 {[%emt 0:00:02]} 45. c8=Q {[%emt 0:00:02] Time Time Time Time Time (Lag: Av=0.65s, max=1.1s) (Lag: Av=0.65s, max=1.1s) (Lag: Av=0.65s, max=1.1s) (Lag: Av=0.65s, max=1.1s) (Lag: Av=0.65s, max=1.1s)} 1-0